[Event "Bryansk Zilberstein Memorial 5th"]
[Site "Bryansk"]
[Date "2021.07.30"]
[Round "8"]
[White "Danin, Alexandre"]
[Black "Badelka, Olga"]
[Result "1-0"]
[WhiteElo "2525"]
[BlackElo "2418"]
[PlyCount "47"]
[EventDate "2021.07.29"]
[EventType "swiss (rapid)"]
[EventRounds "11"]
[EventCountry "RUS"]
[SourceTitle "CBM 203 Extra"]
[Source "ChessBase"]
[SourceDate "2021.09.30"]
[SourceVersion "1"]
[SourceVersionDate "2021.09.30"]
[SourceQuality "1"]

1. e4 c5 2. Nf3 d6 3. d4 cxd4 4. Nxd4 Nf6 5. Nc3 Nc6 6. Bc4 Qb6 7. Nxc6 bxc6 8. 0-0 g6 9. Qe1 Bg7 10. e5 dxe5 11. Qxe5 Bf5 12. Bb3 0-0 13. Qxe7 Rae8 14. Qd6 Ng4 15. Bf4 Bd4 16. Bg3 Rd8 17. Qf4 Be5 18. Qf3 Bxg3 19. Qxg3 Rd2 20. h3 Nf6 21. Qg5 Qd4 22. Rad1 Ne4 23. Qf4 Nxc3 24. Qxd2 1-0

[Event "Bryansk Zilberstein Memorial 5th"]
[Site "Bryansk"]
[Date "2021.07.30"]
[Round "6"]
[White "Danin, Alexandre"]
[Black "Strekha, Igor"]
[Result "1/2-1/2"]
[WhiteElo "2525"]
[BlackElo "2265"]
[PlyCount "66"]
[EventDate "2021.07.29"]
[EventType "swiss (rapid)"]
[EventRounds "11"]
[EventCountry "RUS"]
[SourceTitle "CBM 203 Extra"]
[Source "ChessBase"]
[SourceDate "2021.09.30"]
[SourceVersion "1"]
[SourceVersionDate "2021.09.30"]
[SourceQuality "1"]

1. e4 c6 2. d4 d5 3. exd5 cxd5 4. c4 Nf6 5. Nc3 g6 6. Qb3 Bg7 7. cxd5 0-0 8. Be2 Na6 9. Bf4 Qa5 10. Nf3 Nb4 11. d6 Be6 12. Qd1 exd6 13. Bxd6 Rfd8 14. Be5 Nc6 15. Qd2 Bg4 16. Bxf6 Bxf6 17. Ne4 Qxd2+ 18. Nfxd2 Bxe2 19. Nxf6+ Kg7 20. Kxe2 Nxd4+ 21. Kd1 Kxf6 22. Rc1 Rd7 23. Rc3 Rad8 24. Rd3 Nc6 25. Rxd7 Rxd7 26. a3 Nd4 27. Kc1 Rc7+ 28. Kb1 Re7 29. Rd1 Re2 30. Nc4 Nc6 31. Rd7 Re7 32. Rxe7 Kxe7 33. Kc2 Ke6 1/2-1/2

[Event "Bryansk Zilberstein Memorial 5th"]
[Site "Bryansk"]
[Date "2021.07.30"]
[Round "5"]
[White "Usov, Aleksandr E"]
[Black "Danin, Alexandre"]
[Result "1/2-1/2"]
[WhiteElo "2151"]
[BlackElo "2525"]
[PlyCount "141"]
[EventDate "2021.07.29"]
[EventType "swiss (rapid)"]
[EventRounds "11"]
[EventCountry "RUS"]
[SourceTitle "CBM 203 Extra"]
[Source "ChessBase"]
[SourceDate "2021.09.30"]
[SourceVersion "1"]
[SourceVersionDate "2021.09.30"]
[SourceQuality "1"]

1. e4 d5 2. exd5 Qxd5 3. Nc3 Qd6 4. d4 Nf6 5. Nf3 Bg4 6. h3 Bh5 7. g4 Bg6 8. Ne5 Nbd7 9. Nxg6 hxg6 10. Bg2 c6 11. Be3 e6 12. Qd2 Qc7 13. Ne4 Nxe4 14. Bxe4 Nb6 15. c3 Bd6 16. Bg5 Nd5 17. Qd3 Bf4 18. Bxd5 cxd5 19. Qb5+ Kf8 20. Bxf4 Qxf4 21. Qd3 Re8 22. Rd1 f5 23. Qe3 Qxe3+ 24. fxe3 fxg4 25. 0-0+ Ke7 26. hxg4 Rh4 27. Rd2 Rxg4+ 28. Rg2 Rxg2+ 29. Kxg2 Rh8 30. e4 dxe4 31. Rf4 Rh5 32. Rxe4 Rf5 33. Kg3 Kd6 34. Re2 a5 35. Rh2 Rh5 36. Rf2 Rg5+ 37. Kh4 Rf5 38. Rg2 Rh5+ 39. Kg4 Kd5 40. Rf2 Rf5 41. Rh2 e5 42. dxe5 Rxe5 43. Rd2+ Kc6 44. Kf4 Rf5+ 45. Ke4 Rg5 46. Rf2 b6 47. b3 Rg3 48. Kd4 Rg5 49. Rf7 Rd5+ 50. Ke4 Rd7 51. Rf8 Rd2 52. Rc8+ Kb7 53. Rg8 Rd7 54. a4 Kc6 55. b4 Re7+ 56. Kd4 g5 57. Rf8 Rd7+ 58. Ke4 Re7+ 59. Kd4 Rd7+ 60. Ke4 axb4 61. cxb4 Ra7 62. a5 bxa5 63. bxa5 Rxa5 64. Rf7 Ra4+ 65. Kf3 Rf4+ 66. Rxf4 gxf4 67. Kxf4 Kd6 68. Kf5 Ke7 69. Kg6 Kf8 70. Kg5 Kf7 71. Kf5 1/2-1/2

[Event "Skolkovo Russian Rapid GP"]
[Site "Skolkovo"]
[Date "2019.09.21"]
[Round "5"]
[White "Sarana, Alexey"]
[Black "Danin, Alexandre"]
[Result "1-0"]
[WhiteElo "2651"]
[BlackElo "2515"]
[PlyCount "53"]
[EventDate "2019.09.21"]
[EventType "swiss (rapid)"]
[EventRounds "11"]
[EventCountry "RUS"]
[SourceTitle "EXT 2020"]
[Source "ChessBase"]
[SourceDate "2019.10.17"]
[SourceVersion "1"]
[SourceVersionDate "2019.10.17"]
[SourceQuality "1"]

1. d4 Nf6 2. c4 g6 3. Nc3 d5 4. cxd5 Nxd5 5. e4 Nxc3 6. bxc3 Bg7 7. Nf3 c5 8. Rb1 0-0 9. Be2 Qc7 10. 0-0 b6 11. Qb3 e6 12. Bg5 Nc6 13. Rfd1 Na5 14. Qa3 cxd4 15. cxd4 Bd7 16. Rdc1 Qb8 17. d5 exd5 18. exd5 Re8 19. Be7 Bf5 20. Rb5 Qb7 21. d6 Nc6 22. Rxf5 Nxe7 23. Rxf7 Kxf7 24. Bc4+ Kf8 25. Ng5 Nd5 26. Qf3+ Bf6 27. Bxd5 1-0

[Event "AUT-chT 1819"]
[Site "Austria"]
[Date "2019.03.31"]
[Round "10.2"]
[White "Danin, Alexandre"]
[Black "Schneider, Ilja"]
[Result "1-0"]
[WhiteElo "2511"]
[BlackElo "2507"]
[PlyCount "69"]
[EventDate "2018.11.15"]
[EventType "team-tourn"]
[EventRounds "11"]
[EventCountry "AUT"]
[SourceTitle "CBM 189 Extra"]
[Source "ChessBase"]
[SourceDate "2019.06.03"]
[SourceVersion "1"]
[SourceVersionDate "2019.06.03"]
[SourceQuality "1"]
[WhiteTeam "Raika Feffernitz"]
[BlackTeam "Hohenems"]
[WhiteTeamCountry "AUT"]
[BlackTeamCountry "AUT"]

1. e4 c6 2. d4 d5 3. exd5 cxd5 4. c4 Nf6 5. Nc3 Nc6 6. Nf3 Be6 7. Bg5 Ne4 8. Be2 f6 9. cxd5 Nxc3 10. bxc3 Bxd5 11. Be3 e6 12. 0-0 Be7 13. c4 Be4 14. Nd2 Bg6 15. Nb3 0-0 16. Qd2 Nb4 17. Rfc1 Rc8 18. a3 Na6 19. Bf3 Rc7 20. Na5 Qc8 21. Bf4 e5 22. dxe5 Nc5 23. exf6 Bxf6 24. Bxc7 Qxc7 25. Ra2 Bd8 26. Nxb7 Nxb7 27. Qd5+ Rf7 28. Re2 Kf8 29. Rd1 Bf6 30. Qb5 Qc8 31. Bg4 Qa8 32. Bd7 Be7 33. Bc6 Bxa3 34. Re8+ Qxe8 35. Bxe8 1-0

[Event "AUT-chT 1819"]
[Site "Austria"]
[Date "2019.03.31"]
[Round "9.2"]
[White "Danin, Alexandre"]
[Black "Volokitin, Andrei"]
[Result "1/2-1/2"]
[WhiteElo "2511"]
[BlackElo "2634"]
[PlyCount "66"]
[EventDate "2018.11.15"]
[EventType "team-tourn"]
[EventRounds "11"]
[EventCountry "AUT"]
[SourceTitle "CBM 189 Extra"]
[Source "ChessBase"]
[SourceDate "2019.06.03"]
[SourceVersion "1"]
[SourceVersionDate "2019.06.03"]
[SourceQuality "1"]
[WhiteTeam "Raika Feffernitz"]
[BlackTeam "Jenbach"]
[WhiteTeamCountry "AUT"]
[BlackTeamCountry "AUT"]

1. e4 e5 2. Nf3 Nf6 3. Nxe5 d6 4. Nf3 Nxe4 5. d4 d5 6. Bd3 Bf5 7. 0-0 Be7 8. Re1 0-0 9. Nbd2 Nd6 10. Bxf5 Nxf5 11. Nf1 c6 12. Qd3 Nd6 13. Bf4 Na6 14. Re2 Nc7 15. Rae1 Ne6 16. Bxd6 Bxd6 17. g3 Qf6 18. c3 Rae8 19. Kg2 Re7 20. Ne3 Qg6 21. Qxg6 hxg6 22. Kf1 Rfe8 23. h4 Nc7 24. Ng2 f6 25. Rxe7 Rxe7 26. Rxe7 Bxe7 27. Ke2 Kf7 28. Ne3 Nb5 29. Nd2 Nd6 30. Nf3 Bd8 31. Nd2 Bc7 32. Kd3 Ke6 33. Ke2 Nf7 1/2-1/2

[Event "Pfalz op 10th"]
[Site "Neustadt an der Weinstrasse"]
[Date "2019.03.05"]
[Round "8"]
[White "Danin, Alexandre"]
[Black "Suvorov, Alexander1111"]
[Result "1-0"]
[WhiteElo "2526"]
[BlackElo "2316"]
[PlyCount "76"]
[EventDate "2019.03.01"]
[EventType "swiss"]
[EventRounds "9"]
[EventCountry "GER"]
[SourceTitle "CBM 189 Extra"]
[Source "ChessBase"]
[SourceDate "2019.06.03"]
[SourceVersion "1"]
[SourceVersionDate "2019.06.03"]
[SourceQuality "1"]

1. e4 c5 2. Nf3 e6 3. d4 cxd4 4. Nxd4 Nc6 5. Nc3 Qc7 6. Be2 Nf6 7. Be3 Be7 8. f4 d6 9. Qd2 a6 10. 0-0-0 Bd7 11. g4 Nxd4 12. Qxd4 e5 13. Qd3 Bc6 14. f5 Rc8 15. g5 Nd7 16. Kb1 h6 17. h4 b5 18. Bh5 hxg5 19. hxg5 Rf8 20. Rh2 Qb7 21. f6 gxf6 22. g6 fxg6 23. Bxg6+ Kd8 24. Rh7 Qc7 25. Bf5 b4 26. Nd5 Bxd5 27. exd5 Qb7 28. Rg1 Rc7 29. Rgg7 Re8 30. Bg6 Nf8 31. Bxe8 Kxe8 32. Rh8 Qb5 33. Qg6+ Kd8 34. Rxe7 Rxe7 35. Rxf8+ Kc7 36. Qxf6 Rd7 37. Qe6 a5 38. Qe8 Qb7 1-0

[Event "Pfalz op 10th"]
[Site "Neustadt an der Weinstrasse"]
[Date "2019.03.03"]
[Round "5"]
[White "Danin, Alexandre"]
[Black "Krastev, Alexander"]
[Result "0-1"]
[WhiteElo "2526"]
[BlackElo "2310"]
[PlyCount "136"]
[EventDate "2019.03.01"]
[EventType "swiss"]
[EventRounds "9"]
[EventCountry "GER"]
[SourceTitle "CBM 189 Extra"]
[Source "ChessBase"]
[SourceDate "2019.06.03"]
[SourceVersion "1"]
[SourceVersionDate "2019.06.03"]
[SourceQuality "1"]

1. Nf3 d5 2. g3 Nf6 3. Bg2 e6 4. d4 Be7 5. c4 0-0 6. Qc2 Nbd7 7. 0-0 c6 8. b3 b6 9. Nc3 Bb7 10. Bb2 Rc8 11. Rad1 Qc7 12. Rfe1 Rfd8 13. e4 dxe4 14. Nxe4 Nxe4 15. Qxe4 Bf6 16. Qe2 Qb8 17. b4 c5 18. dxc5 Bxb2 19. Qxb2 bxc5 20. b5 Qa8 21. Nh4 Nb6 22. Qc3 h6 23. Bxb7 Qxb7 24. Ng2 Rd7 25. Rxd7 Qxd7 26. Ne3 Qd4 27. Qc2 Rd8 28. a4 Qe5 29. a5 Nc8 30. Rb1 Qc7 31. Qc3 h5 32. Rd1 Rxd1+ 33. Nxd1 Nd6 34. Qe5 Nxb5 35. Qxh5 Nd4 36. a6 Qb6 37. Ne3 g6 38. Qh6 Qb1+ 39. Kg2 Qe4+ 40. Kh3 Nf5 41. Qf4 Qxf4 42. gxf4 Nd6 43. Ng4 Nxc4 44. Nf6+ Kf8 45. Nd7+ Ke7 46. Nxc5 Kd6 47. Ne4+ Kd5 48. Nc3+ Kc5 49. Kg4 Nd6 50. Kg5 Kc4 51. Nd1 Ne8 52. h4 Kb5 53. f5 exf5 54. Ne3 Nd6 55. Kf6 f4 56. Ng2 f3 57. Ne1 Kxa6 58. Ke7 Nf5+ 59. Kxf7 Nxh4 60. Kf6 Kb5 61. Kg5 Ng2 62. Nxf3 a5 63. Kxg6 a4 64. Nd2 Kb4 65. Nb1 Nf4+ 66. Kg5 Nh3+ 67. Kg4 Nxf2+ 68. Kf3 Nd1 0-1

[Event "Pfalz op 10th"]
[Site "Neustadt an der Weinstrasse"]
[Date "2019.03.02"]
[Round "3"]
[White "Danin, Alexandre"]
[Black "Pajeken, Jakob Leon"]
[Result "1/2-1/2"]
[WhiteElo "2526"]
[BlackElo "2339"]
[PlyCount "67"]
[EventDate "2019.03.01"]
[EventType "swiss"]
[EventRounds "9"]
[EventCountry "GER"]
[SourceTitle "CBM 189 Extra"]
[Source "ChessBase"]
[SourceDate "2019.06.03"]
[SourceVersion "1"]
[SourceVersionDate "2019.06.03"]
[SourceQuality "1"]

1. e4 e5 2. Nf3 Nc6 3. d4 exd4 4. Nxd4 Nf6 5. Nxc6 bxc6 6. e5 Qe7 7. Qe2 Nd5 8. c4 Nb6 9. Nd2 d6 10. exd6 cxd6 11. b3 Bg4 12. f3 Bf5 13. Bb2 Qxe2+ 14. Bxe2 d5 15. 0-0-0 0-0-0 16. cxd5 Nxd5 17. Ne4 f6 18. Bd3 Kc7 19. Bb1 g6 20. Bc2 Bh6+ 21. Kb1 Ne3 22. Bxf6 Rxd1+ 23. Rxd1 Re8 24. Rg1 Nxc2 25. Kxc2 Bxe4+ 26. fxe4 Rxe4 27. Kd1 Bf4 28. g3 Bd6 29. Rf1 h5 30. Bg5 Be5 31. Rf7+ Kb6 32. Bf4 h4 33. Kc2 Bxf4 34. Rxf4 1/2-1/2

[Event "Pfalz op 10th"]
[Site "Neustadt an der Weinstrasse"]
[Date "2019.03.01"]
[Round "1"]
[White "Boder, Jan"]
[Black "Danin, Alexandre"]
[Result "0-1"]
[WhiteElo "2074"]
[BlackElo "2526"]
[PlyCount "56"]
[EventDate "2019.03.01"]
[EventType "swiss"]
[EventRounds "9"]
[EventCountry "GER"]
[SourceTitle "CBM 189 Extra"]
[Source "ChessBase"]
[SourceDate "2019.06.03"]
[SourceVersion "1"]
[SourceVersionDate "2019.06.03"]
[SourceQuality "1"]

1. b3 b6 2. Bb2 Bb7 3. e3 e6 4. f4 Nf6 5. Nf3 c5 6. d3 Nc6 7. g3 d5 8. Ne5 Nxe5 9. fxe5 d4 10. e4 Nd7 11. Bg2 Nxe5 12. 0-0 h5 13. Bc1 h4 14. Bf4 Bd6 15. Nd2 hxg3 16. hxg3 Qc7 17. Nc4 Nxc4 18. bxc4 e5 19. Bd2 Bc8 20. a4 Qc6 21. Qf3 Be6 22. a5 b5 23. cxb5 Qxb5 24. Rfb1 Qa6 25. c4 dxc3 26. Bxc3 Rd8 27. Bf1 c4 28. dxc4 Bc5+ 0-1

[Event "Leer op"]
[Site "Leer"]
[Date "2018.11.01"]
[Round "1"]
[White "Vanhuyse, Nele"]
[Black "Danin, Alexandre"]
[Result "0-1"]
[WhiteElo "2061"]
[BlackElo "2523"]
[PlyCount "70"]
[EventDate "2018.11.01"]
[EventType "swiss"]
[EventRounds "7"]
[EventCountry "GER"]
[SourceTitle "CBM 187 Extra"]
[Source "ChessBase"]
[SourceDate "2018.11.04"]
[SourceVersion "1"]
[SourceVersionDate "2018.11.04"]
[SourceQuality "1"]

1. e4 e6 2. d4 d5 3. Nc3 Nf6 4. e5 Nfd7 5. f4 c5 6. Nf3 Nc6 7. Be3 cxd4 8. Nxd4 Bc5 9. Qd2 0-0 10. 0-0-0 a6 11. h4 Nxd4 12. Bxd4 b5 13. Bxc5 Nxc5 14. Qd4 Qc7 15. Kb1 Rb8 16. Bd3 b4 17. Ne2 a5 18. h5 Ba6 19. Bxa6 Nxa6 20. h6 g6 21. Qf2 Rfc8 22. Nd4 Nc5 23. Qh4 Ne4 24. Rde1 Qc5 25. Rxe4 dxe4 26. Qf6 Qf8 27. f5 Re8 28. g4 Rbd8 29. Nc6 Qxh6 30. Rf1 Rd7 31. Nxa5 Qf4 32. fxg6 Qxf6 33. gxh7+ Kh8 34. exf6 e3 35. Kc1 e2 0-1

[Event "Bamberg op 1st"]
[Site "Bamberg"]
[Date "2018.05.12"]
[Round "6"]
[White "Danin, Alexandre"]
[Black "Kunin, Vitaly L"]
[Result "1/2-1/2"]
[WhiteElo "2537"]
[BlackElo "2545"]
[PlyCount "64"]
[EventDate "2018.05.09"]
[EventType "swiss"]
[EventRounds "7"]
[EventCountry "GER"]
[SourceTitle "CBM 184 Extra"]
[Source "ChessBase"]
[SourceDate "2018.06.28"]
[SourceVersion "1"]
[SourceVersionDate "2018.06.28"]
[SourceQuality "1"]

1. e4 d6 2. d4 Nf6 3. Nc3 e5 4. Nf3 Nbd7 5. Bc4 Be7 6. 0-0 0-0 7. a4 c6 8. Ba2 a5 9. Qe2 exd4 10. Nxd4 Nc5 11. f3 Be6 12. Be3 Bxa2 13. Rxa2 g6 14. Raa1 Re8 15. Rad1 Qc7 16. Qf2 Bf8 17. Nde2 Ne6 18. Kh1 d5 19. exd5 Nxd5 20. Nxd5 cxd5 21. Nc3 d4 22. Bxd4 Nxd4 23. Rxd4 Bg7 24. Rd3 Rac8 25. Re1 Qc4 26. Rxe8+ Rxe8 27. b3 Qe6 28. g3 Qe1+ 29. Qxe1 Rxe1+ 30. Kg2 Rc1 31. Ne4 Rxc2+ 32. Rd2 Rc6 1/2-1/2

[Event "Bamberg op 1st"]
[Site "Bamberg"]
[Date "2018.05.12"]
[Round "5"]
[White "Vogel, Roven"]
[Black "Danin, Alexandre"]
[Result "0-1"]
[WhiteElo "2449"]
[BlackElo "2537"]
[PlyCount "152"]
[EventDate "2018.05.09"]
[EventType "swiss"]
[EventRounds "7"]
[EventCountry "GER"]
[SourceTitle "CBM 184 Extra"]
[Source "ChessBase"]
[SourceDate "2018.06.28"]
[SourceVersion "1"]
[SourceVersionDate "2018.06.28"]
[SourceQuality "1"]

1. d4 d5 2. Bf4 c5 3. e3 cxd4 4. exd4 Nc6 5. c3 Bf5 6. Qb3 Qd7 7. Nf3 e6 8. Ne5 Nxe5 9. Bxe5 Ne7 10. Nd2 Nc6 11. Bg3 Be7 12. Be2 0-0 13. a4 Bd6 14. Bxd6 Qxd6 15. 0-0 Rab8 16. a5 Rfc8 17. Qa3 Qc7 18. Bb5 Ne7 19. a6 b6 20. Rac1 Bg6 21. Nf3 Nf5 22. Ne5 Nd6 23. Qb4 Be4 24. Rfe1 Bf5 25. h3 h6 26. b3 Nxb5 27. Qxb5 Qd6 28. c4 dxc4 29. bxc4 Rc7 30. c5 Qd5 31. g4 Bg6 32. Qb2 Kh7 33. cxb6 Rxb6 34. Qe2 Rxc1 35. Rxc1 Qxd4 36. Nxg6 fxg6 37. Rd1 Qa4 38. Rd8 Qxa6 39. Qe4 Qb7 40. Qxb7 Rxb7 41. Re8 Rb6 42. h4 h5 43. f3 hxg4 44. fxg4 Rb4 45. g5 Re4 46. Kf2 a5 47. Kf3 Re5 48. Kf4 Re1 49. Ra8 Ra1 50. Ra6 a4 51. Rxe6 a3 52. Re2 Kg8 53. Ke5 Rf1 54. Ke6 Rf4 55. Ra2 Ra4 56. Ke7 Ra6 57. Kd7 Ra7+ 58. Ke8 Ra5 59. Ke7 Re5+ 60. Kd6 Ra5 61. Ke7 Ra4 62. Kd7 Kh7 63. Ke7 Re4+ 64. Kf7 Rf4+ 65. Ke7 Rf3 66. Ra1 Kh8 67. Ra2 Kg8 68. Ra1 Rf7+ 69. Ke6 Ra7 70. Ra2 Kf8 71. Kd6 Ke8 72. Re2+ Kd8 73. Ra2 Ra6+ 74. Kc5 Ke7 75. Kb4 Ke6 76. Kb3 Ke5 0-1

[Event "Bamberg op 1st"]
[Site "Bamberg"]
[Date "2018.05.10"]
[Round "3"]
[White "Maier, Alexander"]
[Black "Danin, Alexandre"]
[Result "1/2-1/2"]
[WhiteElo "2267"]
[BlackElo "2537"]
[PlyCount "95"]
[EventDate "2018.05.09"]
[EventType "swiss"]
[EventRounds "7"]
[EventCountry "GER"]
[SourceTitle "CBM 184 Extra"]
[Source "ChessBase"]
[SourceDate "2018.06.28"]
[SourceVersion "1"]
[SourceVersionDate "2018.06.28"]
[SourceQuality "1"]

1. e4 c5 2. b3 Nf6 3. e5 Nd5 4. Nf3 Nc6 5. Bb2 d6 6. Bc4 Nb6 7. Bb5 d5 8. 0-0 Bf5 9. a4 a6 10. Bxc6+ bxc6 11. a5 Nc8 12. d4 e6 13. Nbd2 Bg6 14. Ba3 cxd4 15. Bxf8 Kxf8 16. Nxd4 c5 17. Ne2 Ne7 18. Nf4 Qc7 19. Re1 Kg8 20. h4 h6 21. Nxg6 Nxg6 22. Nf3 Ne7 23. Ra4 Rb8 24. Qd2 Rb5 25. h5 Qb7 26. Rea1 Qb8 27. Rf4 Nc6 28. c4 Rxb3 29. cxd5 Nxe5 30. dxe6 Nxf3+ 31. Rxf3 Rxf3 32. gxf3 fxe6 33. Qd7 Qf8 34. Qxe6+ Qf7 35. Qxa6 Qxh5 36. Qd3 Kf7 37. Qd7+ Kg6 38. a6 Qxf3 39. a7 Kh7 40. Qd6 Qg4+ 41. Kf1 Qe4 42. Kg1 Rc8 43. Qb8 Qg4+ 44. Kf1 Qh3+ 45. Kg1 Qg4+ 46. Kf1 Qh3+ 47. Kg1 Qg4+ 48. Kf1 1/2-1/2

[Event "AUT-chT 1718"]
[Site "Austria"]
[Date "2018.04.07"]
[Round "11.1"]
[White "Danin, Alexandre"]
[Black "Dragnev, Valentin"]
[Result "1/2-1/2"]
[WhiteElo "2554"]
[BlackElo "2461"]
[PlyCount "93"]
[EventDate "2017.11.16"]
[EventType "team-tourn"]
[EventRounds "11"]
[EventCountry "AUT"]
[SourceTitle "EXT 2019"]
[Source "ChessBase"]
[SourceDate "2018.10.10"]
[SourceVersion "1"]
[SourceVersionDate "2018.10.10"]
[SourceQuality "1"]
[WhiteTeam "Raika Feffernitz"]
[BlackTeam "Wien Ottakring"]
[WhiteTeamCountry "AUT"]
[BlackTeamCountry "AUT"]

1. e4 e5 2. Nf3 Nc6 3. d4 exd4 4. Nxd4 Nf6 5. Nxc6 bxc6 6. e5 Qe7 7. Qe2 Nd5 8. Nd2 a5 9. c4 Nb6 10. g3 Qe6 11. b3 Bb4 12. Bb2 0-0 13. Bg2 d5 14. 0-0 Ba6 15. Rfc1 dxc4 16. Nxc4 Rad8 17. Bc3 Nxc4 18. bxc4 Bxc3 19. Rxc3 Rd4 20. Bf1 Rfd8 21. Rc2 g6 22. Re1 c5 23. h4 Bc8 24. Rb2 Qe7 25. Qf3 Kg7 26. Rb5 a4 27. Ra5 Bg4 28. Qf6+ Qxf6 29. exf6+ Kxf6 30. Rxa4 Rd2 31. Bg2 Rc2 32. Bd5 Be6 33. Ra7 Bxd5 34. cxd5 Rd7 35. Re4 Rd2 36. Ra6+ Kg7 37. Rc6 R7xd5 38. Rf4 Rd7 39. a4 R2d4 40. Rf3 Rxa4 41. Rxc5 h5 42. Rfc3 Ra7 43. Kg2 Kf8 44. Kh3 Kg7 45. Kg2 Kf6 46. Kh3 Kg7 47. Kg2 1/2-1/2

[Event "AUT-chT 1718"]
[Site "Austria"]
[Date "2018.04.06"]
[Round "10.6"]
[White "Nagy, Gabor"]
[Black "Danin, Alexandre"]
[Result "1/2-1/2"]
[WhiteElo "2472"]
[BlackElo "2554"]
[PlyCount "30"]
[EventDate "2017.11.16"]
[EventType "team-tourn"]
[EventRounds "11"]
[EventCountry "AUT"]
[SourceTitle "EXT 2019"]
[Source "ChessBase"]
[SourceDate "2018.10.10"]
[SourceVersion "1"]
[SourceVersionDate "2018.10.10"]
[SourceQuality "1"]
[WhiteTeam "Wulkaprodersdorf"]
[BlackTeam "Raika Feffernitz"]
[WhiteTeamCountry "AUT"]
[BlackTeamCountry "AUT"]

1. Nf3 d5 2. c4 c6 3. d4 Nf6 4. Nc3 dxc4 5. a4 e6 6. e3 c5 7. Bxc4 Nc6 8. 0-0 cxd4 9. exd4 Be7 10. Qe2 0-0 11. Rd1 Nd5 12. Qe4 Nf6 13. Qe2 Nd5 14. Qe4 Nf6 15. Qe2 Nd5 1/2-1/2

[Event "AUT-chT 1718"]
[Site "Austria"]
[Date "2018.04.05"]
[Round "9.2"]
[White "Danin, Alexandre"]
[Black "Bosiocic, Marin"]
[Result "1/2-1/2"]
[WhiteElo "2554"]
[BlackElo "2597"]
[PlyCount "72"]
[EventDate "2017.11.16"]
[EventType "team-tourn"]
[EventRounds "11"]
[EventCountry "AUT"]
[SourceTitle "EXT 2019"]
[Source "ChessBase"]
[SourceDate "2018.10.10"]
[SourceVersion "1"]
[SourceVersionDate "2018.10.10"]
[SourceQuality "1"]
[WhiteTeam "Raika Feffernitz"]
[BlackTeam "St Veit"]
[WhiteTeamCountry "AUT"]
[BlackTeamCountry "AUT"]

1. e4 e5 2. Nf3 Nf6 3. Nxe5 d6 4. Nf3 Nxe4 5. Qe2 Qe7 6. d3 Nf6 7. Nc3 Bg4 8. Qxe7+ Bxe7 9. Be2 Nc6 10. Be3 Nb4 11. 0-0-0 Nbd5 12. Bd2 Nxc3 13. Bxc3 0-0 14. Nd4 Bxe2 15. Nxe2 Nd5 16. Bd2 Rfe8 17. Nf4 Nxf4 18. Bxf4 c6 19. Rde1 Bf8 20. Kd2 f6 21. Rxe8 Rxe8 22. Re1 Rxe1 23. Kxe1 d5 24. d4 Kf7 25. Ke2 Ke6 26. a4 a6 27. h3 h5 28. g4 hxg4 29. hxg4 b5 30. b3 g6 31. f3 Be7 32. Be3 Bd6 33. Bd2 f5 34. Be3 fxg4 35. fxg4 Bc7 36. Bd2 Bd6 1/2-1/2

[Event "Karlsruhe Grenke op"]
[Site "Karlsruhe"]
[Date "2018.04.02"]
[Round "8"]
[White "Danin, Alexandre"]
[Black "Engel, Luis"]
[Result "1/2-1/2"]
[WhiteElo "2540"]
[BlackElo "2389"]
[PlyCount "81"]
[EventDate "2018.03.29"]
[EventType "swiss"]
[EventRounds "9"]
[EventCountry "GER"]
[SourceTitle "CBM 183 Extra"]
[Source "ChessBase"]
[SourceDate "2018.04.19"]
[SourceVersion "1"]
[SourceVersionDate "2018.04.19"]
[SourceQuality "1"]

1. e4 c5 2. Nf3 d6 3. d4 Nf6 4. Nc3 cxd4 5. Nxd4 a6 6. Bc4 e6 7. Bb3 Nbd7 8. f4 Nc5 9. Qf3 Qc7 10. f5 Be7 11. Be3 0-0 12. g4 d5 13. exd5 Nxb3 14. axb3 Nxd5 15. Nxd5 Bh4+ 16. Kd2 exd5 17. g5 Re8 18. Rag1 Re4 19. Rg4 Qe5 20. Rxe4 Qxe4 21. Rg1 f6 22. g6 hxg6 23. Qxe4 dxe4 24. Rxg6 Kf8 25. Ke2 a5 26. Rg4 g5 27. Rxe4 Kf7 28. Bf2 Bxf2 29. Kxf2 a4 30. bxa4 Rxa4 31. h4 Ra5 32. hxg5 fxg5 33. Kg3 Bxf5 34. Nxf5 Rxf5 35. Kg4 Rc5 36. c3 Kf6 37. Rd4 b5 38. Rd6+ Ke5 39. Rd4 Kf6 40. Rd6+ Ke5 41. Rd4 1/2-1/2

[Event "Karlsruhe Grenke op"]
[Site "Karlsruhe"]
[Date "2018.03.31"]
[Round "4"]
[White "Danin, Alexandre"]
[Black "Reuker, Jari"]
[Result "1-0"]
[WhiteElo "2540"]
[BlackElo "2343"]
[PlyCount "67"]
[EventDate "2018.03.29"]
[EventType "swiss"]
[EventRounds "9"]
[EventCountry "GER"]
[SourceTitle "CBM 183 Extra"]
[Source "ChessBase"]
[SourceDate "2018.04.19"]
[SourceVersion "1"]
[SourceVersionDate "2018.04.19"]
[SourceQuality "1"]

1. e4 c5 2. Nf3 e6 3. d4 cxd4 4. Nxd4 Nc6 5. Nc3 Qc7 6. Be3 a6 7. Be2 Nf6 8. 0-0 Bb4 9. Na4 Be7 10. Nxc6 bxc6 11. Nb6 Rb8 12. Nxc8 Qxc8 13. Bd4 c5 14. Be5 Rb6 15. Qd3 d6 16. Bc3 0-0 17. b3 Qc6 18. Bf3 Rc8 19. e5 Nd5 20. Ba5 Rb5 21. c4 Rxa5 22. cxd5 Qb5 23. Qe3 exd5 24. Bxd5 c4 25. bxc4 Qc5 26. e6 f5 27. Qe2 g6 28. Rab1 Ra4 29. Rb7 Rc7 30. Qb2 a5 31. Rb8+ Rc8 32. Qb7 Rxb8 33. Qxb8+ Kg7 34. Qe8 1-0

[Event "Karlsruhe Grenke op"]
[Site "Karlsruhe"]
[Date "2018.03.29"]
[Round "1"]
[White "Merkel, Markus"]
[Black "Danin, Alexandre"]
[Result "0-1"]
[WhiteElo "2133"]
[BlackElo "2540"]
[PlyCount "82"]
[EventDate "2018.03.29"]
[EventType "swiss"]
[EventRounds "9"]
[EventCountry "GER"]
[SourceTitle "CBM 183 Extra"]
[Source "ChessBase"]
[SourceDate "2018.04.19"]
[SourceVersion "1"]
[SourceVersionDate "2018.04.19"]
[SourceQuality "1"]

1. d4 Nf6 2. Nf3 g6 3. Nbd2 c5 4. dxc5 Qa5 5. e3 Bg7 6. a3 Qxc5 7. b4 Qc7 8. Bb2 0-0 9. c4 b6 10. Be2 Bb7 11. 0-0 d6 12. Rc1 Nbd7 13. Qc2 Rac8 14. Qb1 Qb8 15. Qa1 Qa8 16. Rfd1 a6 17. Bf1 Bh6 18. Nd4 Rc7 19. a4 a5 20. Nb5 Rc6 21. Be2 axb4 22. Bf3 Rc5 23. Nxd6 Bxf3 24. Nxf3 Ra5 25. Nb5 Rxa4 26. Qb1 Rc8 27. Bd4 Bf8 28. h3 Ne4 29. Ne5 Ndc5 30. f3 Ng3 31. Rd2 Nf5 32. Re2 Bg7 33. Bb2 Ra2 34. f4 Ng3 35. Rec2 b3 36. Rd2 Nce4 37. Rd4 Ne2+ 38. Kh2 Nxd4 39. Kg1 Ne2+ 40. Kh2 Nxc1 41. Qxc1 Bxe5 0-1